Miracle Morning (Record no. 11238)

MARC details
000 -LEADER
fixed length control field 00335nam a22001457a 4500
003 - CONTROL NUMBER IDENTIFIER
control field OSt
008 - FIXED-LENGTH DATA ELEMENTS--GENERAL INFORMATION
fixed length control field 220521b ||||| |||| 00| 0 eng d
020 ## - INTERNATIONAL STANDARD BOOK NUMBER
International Standard Book Number 978-1-4736-6894-2
082 ## - DEWEY DECIMAL CLASSIFICATION NUMBER
Classification number 158.1 ELM
100 ## - MAIN ENTRY--PERSONAL NAME
Personal name ELROD,Hal
245 ## - TITLE STATEMENT
Title Miracle Morning
260 ## - PUBLICATION, DISTRIBUTION, ETC. (IMPRINT)
Place of publication, distribution, etc U.K.
Name of publisher, distributor, etc John Murray Learning
Date of publication, distribution, etc 2017
300 ## - PHYSICAL DESCRIPTION
Extent 189
942 ## - ADDED ENTRY ELEMENTS (KOHA)
Source of classification or shelving scheme Dewey Decimal Classification
Koha item type Text Books
Holdings
Withdrawn status Lost status Source of classification or shelving scheme Damaged status Not for loan Collection code Home library Current library Date acquired Source of acquisition Currency Cost, normal purchase price Bill Number Total Checkouts Full call number Acc. no. / Barcode Date last seen Date last borrowed Actual Cost, discounted price Bill Date Koha item type Public note
    Dewey Decimal Classification     GENERAL PIET C-LIBRARY PIET C-LIBRARY 23/04/2022 Kumar Stationery & Book Seller Indian Rup 935.00 35235 5 158.1 ELM 33600 16/06/2023 31/05/2023 636.00 23/04/2022 Text Books Motivational

Design & Developed by: PIET Central Library
R70 Miles Stone Pattikalyana Samalkha Panipat 132102
mail ID :- [email protected], Phone No:- 0180-2569700 Ex.216